| 000 | 00389nam a2200097Ia 4500 | ||
|---|---|---|---|
| 008 | 180130s9999 xx 000 0 und d | ||
| 245 |
_cMalek, Marlin Abdul; Varma, Arup; Budhwar, Pawan S. _aHuman resource management in Malaysia |
||
| 260 | _c2014 | ||
| 300 | _aBook title: Managing human resources in Asia-Pacific--Acession number C18630; pages 191-208 | ||
| 650 | _aPERSONNEL MANAGEMENT--ASIA | ||
| 999 |
_c353818 _d353818 |
||